000 00614nam a2200265Ia 4500
005 20260121172613.0
008 008 260114s9999 xx 000 0 eng d
020 _a9783030756727
037 _aEBOOK
040 _aCRL
040 _beng
040 _cCRL
041 _2eng
041 _aeng
084 _qCRL
100 _aR.G. Sharma
_91090445
245 0 _aSuperconductivity
260 _bSpringer
260 _bSpringer
260 _c2021
856 _uhttps://link.springer.com/openurl?genre=book&isbn=978-3-030-75672-7
942 _cEBOOK
999 _c1656185
_d1656185